Algebra lineal: con Matlab y Maple

Na minha lista:
Detalhes bibliográficos
Main Authors: Soto Prieto, Manuel Jesús (Author), Vicente Córdoba, José Luis (Author)
Formato: Livro
Idioma:espanhol
Publicado em: Madrid Pearson Educación 1995
Edição:2a. ed
Assuntos:
Tags: Adicionar Tag
Sem tags, seja o primeiro a adicionar uma tag!

MARC

LEADER 00000nam a2200000 a 4500
001 UCK2080
003 CL-VaPUC
008 041217e19950000SP |||||||||||||||||spa|d
020 |a 013526815X 
082 0 4 |a 512.5  |b SOT  |2 21 
100 0 |a Soto Prieto, Manuel Jesús  |e author  |9 489906 
700 0 |a Vicente Córdoba, José Luis  |e author  |9 489907 
245 1 0 |a Algebra lineal: con Matlab y Maple 
250 |a 2a. ed 
300 |a 301 p 
942 |c BK 
945 |d 20041217 00:00:00  |a cmena 
260 |a Madrid  |b Pearson Educación  |c 1995 
500 |a Incluye diskette 
600 0 7 |a MATLAB  |2 CL-VaPUC  |9 367380 
600 0 7 |a MAPLE  |2 CL-VaPUC  |9 489908 
650 0 |a Álgebra lineal   |9 260445 
650 0 |a Ecuaciones lineales   |9 342219 
650 0 |a Matrices   |9 22 
650 7 |a DETERMINANTES  |2 CL-VaPUC  |9 489909 
650 0 |a Aplicaciones de computadores  |9 260401 
650 0 |a Programación lineal   |9 23 
583 |a last modification  |c 20041217 00:00:00  |k Rodrigo Vera 
999 |c 311740  |d 311738